LEADER 01253nam a2200253 a 4500 001 000000023393 003 CaOOAMICUS 005 20140709160848.0 008 950502s1930 fr u000 u fre r 035 $a10588478 040 $aPUL(R)$bita 100 1 $aRivet, Auguste,$d1868-$0(OLS)http://pul/name/19725 245 13$aLe patrimoine légal du culte et des oeuvres catholiques :$bassociations diocésaines : propriété individuelle et collective : associations, syndacats, sociétés /$cAuguste Rivet. 260 $aParis :$bEdition de La Documentation catholique,$c1930. 300 $a437 p. ;$c18 cm 504 $aBibliografia in nota. 650 4$aDiritto ecclesiastico$zFrancia.$0(OLS)http://pul/subject/7296 850 $aPUL 852 $aPUL$W1$xDP1 Fondo Ciprotti$y59$m1544 E 12$j32804$nBK-PRI$b $qFondi$B32804$CPULBib$Z2$F32804 $H $81 941 1 $a8 941 1 $a1 961 $aINV: F. Ciprotti 996 $6245$aLe patrimoine légal du culte et des oeuvres catholiques :$bassociations diocésaines : propriété individuelle et collective : associations, syndacats, sociétés$9(OLS)http://pul/title/32520 996 $6260$aParis :$bEdition de La Documentation catholique$9(OLS)http://pul/publisher/58003 LEADER 01367nam a2200289 a 4500 001 000000153407 003 CaOOAMICUS 005 20160907143920.0 008 160728m1995 it u000 u ita u 020 $a88-14-05424-X 032 $aLibriCat 040 $aPUL$bita 100 1 $aTroncarelli, Barbara.$0(OLS)http://pul/name/97667 245 10$aDiritto e filosofia della pratica in Benedetto Croce :$b1900-1952 /$cBarbara Troncarelli. 260 $aMilano :$bA. Giuffrè,$c1995. 300 $a210 p. ;$c23 cm. 490 1 $aPubblicazioni dell'Istituto di Filosofia del diritto dell'Università di Roma.$aIII serie ;$v29 504 $aBibliografia in nota a piè pagina. 600 14$aCroce, Benedetto,$d1866-1952$xCritica e interpretazione.$0(OLS)http://pul/subject/7277 830 0$aPubblicazioni dell'Istituto di Filosofia del diritto dell'Università di Roma.$nIII serie ;$v29.$0(OLS)http://pul/title/55605 850 $aPUL 852 $aPUL$W1$xDP1 Fondo G. Barberini$y122$m3 E 12$j166558$qFondi$B179159$CPULBib$Z2$F179159 $HBar945 $81 941 1 $a1 996 $6020$a88-14-05424-X$9(OLS)http://pul/number/160845 996 $6245$aDiritto e filosofia della pratica in Benedetto Croce :$b1900-1952$9(OLS)http://pul/title/192875 996 $6260$aMilano :$bA. Giuffrè$9(OLS)http://pul/publisher/48096